000 00661nam a2200205Ia 4500
003 OSt
005 20250110155816.0
008 210716s1984 xx 000 0 und d
020 _a0030718562
040 _cAIMIT LIBRARY
041 _aeng
082 _a808.83
_21
_bLEWA
100 _aLewis, Alfred Allan.
_9193051
245 _aEvidence never lies:
_bcasebook of a modern sherlock holmes /
_cBy Alfred Allan Lewis and Herbert Leon MacDonell.
250 _a1st ed.
260 _aNew York :
_bHolt, Rinehart and winston Inc ;
_c1984.
300 _a258p. ;
_bPB
_c21 cm.
700 _aMacDonell, Herbert Leon.
_9193052
942 _2ddc
_cBK
_e1st ed.
_k808.83 LEWA
999 _c200169
_d200169